| 000 | 00635nam a22002177a 4500 | ||
|---|---|---|---|
| 003 | OSt | ||
| 005 | 20180116183020.0 | ||
| 008 | 151110b xxu||||| |||| 00| 0 eng d | ||
| 020 | _a9971513862 | ||
| 040 | _c0 | ||
| 082 | _a658.848 CRA 1999 | ||
| 100 | _aC. Samuel Craig and SusanP. Douglas | ||
| 245 |
_aInternational Marketing Research _cC. Samuel Craig and SusanP. Douglas |
||
| 250 | _a2nd Ed. | ||
| 260 |
_aIndia _bWiley _c1999 |
||
| 300 |
_a425 p. _bPB |
||
| 440 | _aInternational Marketing Research | ||
| 600 | _aC. Samuel Craig and SusanP. Douglas | ||
| 700 | _aC. Samuel Craig and SusanP. Douglas | ||
| 942 |
_2ddc _cBK |
||
| 999 |
_c350555 _d350555 |
||